00694cam a22002417a 4500003000500000005001700005008004100022010001000063011001000073035001000083040000900093082002000102100002300122245007300145260008100218300001700299490002000316501003800336650002600374650001500400700001700415830002000432CHAP20220329134634.0971013s1968 r 00010 d a23441 a24413 a28512 cCHAP a338.1097293bM300aCheaney, Robert L. 0aEstudios preliminares sobre la nutrición del plátano en el Cibao aSantiago :bRepública Dominicana, Instituto Superior de Agricultura,c1968 a6 p.b: ilus 0aBoletínv; 10 aEnc. con otros impresos similares14aPlantasxNutrición.14aPlátano.0 aSmith, L. R.0 aBoletínv; 10